Länder der Welt im Jahr 1945 auf einer Karte - Statistiken

Allgemein
  • Dieses Quiz wurde 23.577 mal gespielt
  • Das Durchschnittsergebnis liegt bei 59 aus 68
Antworten auf der Karte
Die Antworten werden auf der Karte rot bzw. grün angezeigt, abhängig davon wie oft sie richtig erraten wurden.
 
Antwortstatistiken
Country % Korrekt
Vereinigte Staaten
98%
Frankreich
97%
Kanada
97%
Spanien
96%
China
95%
Mexiko
95%
Vereinigtes Königreich
95%
Australien
94%
Brasilien
94%
Italien
94%
Norwegen
94%
Polen
94%
Portugal
94%
Schweden
94%
Dänemark
93%
Finnland
93%
Japan
93%
Sowjetunion
93%
Argentinien
92%
Chile
92%
Irland
92%
Südafrika
92%
Türkei
92%
Belgien
91%
Island
91%
Niederlande
91%
Ägypten
90%
Griechenland
90%
Mongolei
90%
Schweiz
90%
Peru
89%
Neuseeland
88%
Saudi-Arabien
88%
Iran
87%
Kolumbien
87%
Irak
86%
Rumänien
86%
Ungarn
86%
Uruguay
86%
Bolivien
85%
Kuba
85%
Luxemburg
85%
Venezuela
85%
Andorra
84%
Bulgarien
84%
Paraguay
84%
Vatikanstadt
84%
Liechtenstein
83%
Panama
83%
Albanien
82%
Monaco
82%
Nepal
82%
San Marino
82%
Thailand
82%
Ecuador
81%
Jugoslawien
79%
Afghanistan
78%
Costa Rica
75%
Haiti
75%
Honduras
75%
Tschechoslowakei
74%
Dominikanische Republik
73%
Äthiopien
72%
Jemen
72%
El Salvador
71%
Guatemala
71%
Nicaragua
71%
Liberia
60%
Keine übereinstimmenden Quizze gefunden
Verteilung der Resultate
Anzahl Personen mit jedem Resultat
Perzentil nach korrekt beantworteten Fragen
Ihre Resultats-Entwicklung
Sie haben dieses Quiz noch nicht gespielt